000 00326 a2200157 4500
001 169599
020 _a
040 _cMagnum
100 _aTrecker, Harleigh B.
240 1 0 _aComo trabalhar com grupos
_lpor
245 1 0 _aComo trabalhar com grupos
362 0 _a1899
440 1 _aAgir
697 _aGERAL
942 _cBK
999 _c169599
_d169599